00535nam a22001451i 4500001000700000003000900007005001700016008004100033100002500074245014000099260006300239300002100302650004100323852002500364180844ES-MaACL20230906221208.0120719s1904 sp |||| | spa d1 aSanz Barrio, José.10aTratamiento del pie zambo equino-varo congénito b: memoria escrita para el ejercicio del grado de Doctor / cpor José Sanz Barrio. aHuesca : b[s.n.], c1904 (fEst. tip. de Leandro Pérez) a40 p. ; c21 cm. 4aPies-xAnomalías y malformaciones. aES-MaACLjT-1049-F-7